|
|
|
|
| LEADER |
00632nam a22001811a 4500 |
| 020 |
|
|
|a 9788120722439
|c 0.00
|
| 040 |
|
|
|a SSUS - Library - Kalady
|
| 082 |
|
|
|a 616.891 4
|b P00
|
| 100 |
|
|
|a Peseschkian Nossrat
|
| 245 |
|
|
|a Positive Psychotherapy : theory and practice of a new method
|h [Text]
|
| 260 |
|
|
|a New Delhi
|b Sterling
|c 2000
|
| 300 |
|
|
|a 442p.
|
| 500 |
|
|
|a Nossart Poseschkian
|
| 600 |
|
|
|a Psychotherapy
|
| 852 |
|
|
|h 616.891 4
|i P00
|p 024476
|9 250.00
|t 0
|
| 942 |
|
|
|c BK
|
| 999 |
|
|
|c 35131
|d 35131
|
| 952 |
|
|
|0 0
|1 0
|4 0
|6 616_891000000000000_4_P00
|7 0
|9 50852
|a SSUS
|b SSUS
|d 2015-01-08
|g 250.00
|o 616.891 4 P00
|p 024476
|r 2015-01-08
|v 0.00
|w 2015-01-08
|y BK
|